[Event "Quebec op U2400"]
[Site "Montreal CAN"]
[Date "2008.07.22"]
[Round "4"]
[White "Libersan, Thierry"]
[Black "Gluckie, Jamin"]
[Result "0-1"]
[WhiteElo "2053"]
[BlackElo "2114"]
[PlyCount "116"]
[GameId "2160767910353689"]
[EventDate "2008.07.19"]
[EventType "swiss"]
[EventRounds "9"]
[EventCountry "CAN"]
[SourceTitle "EXT 2011"]
[Source "ChessBase"]
[SourceDate "2011.11.26"]
[SourceVersion "1"]
[SourceVersionDate "2011.11.26"]
[SourceQuality "1"]

1. e4 e6 2. Qe2 c5 3. Nf3 Nc6 4. g3 g6 5. Bg2 Bg7 6. O-O d6 7. c3 Nge7 8. Rd1 O-O 9. d4 Qc7 10. Be3 b6 11. Nbd2 Bb7 12. h4 h6 13. Rac1 Kh7 14. b4 Nb8 15. e5 dxe5 16. bxc5 Nd7 17. Nb3 Rac8 18. h5 g5 19. dxe5 Bxf3 20. Bxf3 Nxe5 21. Be4+ f5 22. Bg2 Kg8 23. f4 Nf7 24. Nd4 Bxd4 25. cxd4 Nd5 26. Bxd5 exd5 27. Qf3 Rce8 28. cxb6 Qxb6 29. Rc5 g4 30. Qf2 Qe6 31. Bd2 Nd6 32. Rc6 Qd7 33. Rdc1 Ne4 34. Qg2 Rf6 35. Rc7 Qa4 36. Be3 Qa3 37. Bf2 Qxa2 38. Be1 Qa4 39. Qb2 Rb6 40. Qa1 Qxa1 41. Rxa1 a6 42. Rac1 Nf6 43. Ba5 Rb3 44. Be1 Nxh5 45. Ra7 Rb6 46. Ba5 Rbe6 47. Rcc7 Re3 48. Rxa6 Rxg3+ 49. Kf1 Rf3+ 50. Kg1 Nxf4 51. Raa7 Nh3+ 52. Kh1 Ng5 53. Rc6 Rh3+ 54. Kg2 f4 55. Rg6+ Kh8 56. Rgg7 f3+ 57. Kg1 g3 58. Bd2 g2 0-1

[Event "Quebec op U2400"]
[Site "Montreal CAN"]
[Date "2008.07.22"]
[Round "4"]
[White "Me, Kevin"]
[Black "Caire, Francois"]
[Result "0-1"]
[WhiteElo "1880"]
[BlackElo "2183"]
[PlyCount "72"]
[GameId "2160767910353690"]
[EventDate "2008.07.19"]
[EventType "swiss"]
[EventRounds "9"]
[EventCountry "CAN"]
[SourceTitle "EXT 2011"]
[Source "ChessBase"]
[SourceDate "2011.11.26"]
[SourceVersion "1"]
[SourceVersionDate "2011.11.26"]
[SourceQuality "1"]

1. e4 c5 2. Nf3 Nc6 3. d4 cxd4 4. Nxd4 Nf6 5. Nc3 e5 6. Ndb5 d6 7. Bg5 a6 8. Na3 b5 9. Bxf6 gxf6 10. Nd5 f5 11. Bd3 Be6 12. O-O Bxd5 13. exd5 Ne7 14. c4 Bg7 15. Rb1 e4 16. Be2 O-O 17. cxb5 axb5 18. Qb3 f4 19. Nxb5 Be5 20. Qc4 f5 21. Nd4 Ng6 22. Ne6 Qh4 23. f3 Rfc8 24. Qb3 Kh8 25. a3 Rg8 26. Qb4 Ne7 27. Qb7 Rab8 28. Qa7 Ra8 29. Qf2 Qh6 30. h4 e3 31. Qe1 Rg3 32. Ng5 Qxh4 33. Nf7+ Kg7 34. Nxe5 dxe5 35. Qc3 Kf7 36. Qxe5 Rxg2+ 0-1

[Event "Quebec op U2400"]
[Site "Montreal CAN"]
[Date "2008.07.22"]
[Round "4"]
[White "Peev, Pavel"]
[Black "Luksza, Arkadiusz"]
[Result "0-1"]
[WhiteElo "1899"]
[BlackElo "2129"]
[PlyCount "135"]
[GameId "2160767910353691"]
[EventDate "2008.07.19"]
[EventType "swiss"]
[EventRounds "9"]
[EventCountry "CAN"]
[SourceTitle "EXT 2011"]
[Source "ChessBase"]
[SourceDate "2011.11.26"]
[SourceVersion "1"]
[SourceVersionDate "2011.11.26"]
[SourceQuality "1"]

1. e4 e6 2. d4 d5 3. Nd2 Be7 4. Ngf3 c5 5. exd5 exd5 6. Bb5+ Bd7 7. Bxd7+ Nxd7 8. dxc5 Ngf6 9. Nb3 O-O 10. O-O Rc8 11. Be3 Nxc5 12. Rc1 b6 13. Nfd4 Qd7 14. h3 Nfe4 15. Re1 Bd6 16. c4 Nxb3 17. Qxb3 Nc5 18. Qd1 dxc4 19. Rxc4 Rfd8 20. Qb1 g6 21. b4 Na6 22. Rxc8 Rxc8 23. b5 Nc5 24. Nc6 a6 25. Bxc5 Bxc5 26. a4 Qd2 27. Rf1 axb5 28. axb5 Re8 29. Qa1 Re6 30. Qa8+ Kg7 31. Qa1+ f6 32. Qd1 Bxf2+ 33. Kh2 Qe3 34. Rxf2 Rxc6 35. Re2 Qf4+ 36. g3 Rd6 37. gxf4 Rxd1 38. Re6 Rd3 39. Rxb6 Rf3 40. Rb8 Rxf4 41. Kg3 Rb4 42. b6 Kh6 43. Rb7 Kg5 44. Rxh7 Rb3+ 45. Kg2 Rxb6 46. Ra7 f5 47. Ra4 Rb3 48. Rc4 Re3 49. Rc2 Kf4 50. Rc4+ Re4 51. Rc2 g5 52. Rf2+ Ke5 53. Ra2 Rd4 54. Re2+ Re4 55. Ra2 Re3 56. Ra5+ Kf4 57. Ra4+ Re4 58. Ra2 Rc4 59. Rf2+ Ke5 60. Re2+ Kf6 61. Ra2 Kg6 62. Rf2 Rc3 63. Kh2 Rd3 64. Kg2 Rd5 65. Kh2 Kh5 66. Kg2 Kh4 67. Kh2 Rc5 68. Kg2 0-1

[Event "Quebec op U2400"]
[Site "Montreal CAN"]
[Date "2008.07.22"]
[Round "4"]
[White "Ramaswamy, Kishor"]
[Black "Keith-Jacques, Liam"]
[Result "1-0"]
[WhiteElo "2125"]
[BlackElo "2040"]
[PlyCount "71"]
[GameId "2160767910353692"]
[EventDate "2008.07.19"]
[EventType "swiss"]
[EventRounds "9"]
[EventCountry "CAN"]
[SourceTitle "EXT 2011"]
[Source "ChessBase"]
[SourceDate "2011.11.26"]
[SourceVersion "1"]
[SourceVersionDate "2011.11.26"]
[SourceQuality "1"]

1. d4 Nf6 2. Nf3 e6 3. Bg5 h6 4. Bh4 b6 5. Nbd2 Bb7 6. e3 d6 7. Bd3 Nbd7 8. O-O g5 9. Bg3 Nh5 10. Re1 Bg7 11. c3 Qe7 12. e4 O-O-O 13. Nf1 Nxg3 14. Nxg3 g4 15. Nd2 h5 16. Ngf1 Nf8 17. a4 Ng6 18. g3 Bh6 19. a5 h4 20. Qe2 Kb8 21. axb6 cxb6 22. Ra2 Rd7 23. Rea1 Ba8 24. Bb5 Rc7 25. Nc4 Bxe4 26. Qxe4 d5 27. Qxg4 dxc4 28. Ra4 hxg3 29. hxg3 Qd6 30. Rxc4 Rxc4 31. Bxc4 Bc1 32. Rxc1 Qc6 33. d5 exd5 34. Be2 d4 35. Bf3 Qf6 36. Qe4 1-0

[Event "Quebec op U2400"]
[Site "Montreal CAN"]
[Date "2008.07.22"]
[Round "4"]
[White "Rosen, Matthew"]
[Black "Forget, Luc"]
[Result "1/2-1/2"]
[WhiteElo "2170"]
[BlackElo "2063"]
[PlyCount "108"]
[GameId "2160767910353694"]
[EventDate "2008.07.19"]
[EventType "swiss"]
[EventRounds "9"]
[EventCountry "CAN"]
[SourceTitle "EXT 2011"]
[Source "ChessBase"]
[SourceDate "2011.11.26"]
[SourceVersion "1"]
[SourceVersionDate "2011.11.26"]
[SourceQuality "1"]

1. e4 e5 2. Nf3 Nc6 3. d4 exd4 4. Nxd4 Nf6 5. Nxc6 bxc6 6. Nc3 Bb4 7. Bd3 d5 8. exd5 cxd5 9. O-O O-O 10. Bg5 c6 11. Qf3 Be7 12. Na4 Be6 13. Rfe1 Re8 14. h3 Rb8 15. Rad1 h6 16. Bf4 Bd6 17. c4 Bxf4 18. Qxf4 Rb4 19. b3 Qb8 20. Qxb8 Rbxb8 21. Nc5 dxc4 22. Nxe6 cxd3 23. Nc5 Rxe1+ 24. Rxe1 Rd8 25. Rd1 d2 26. f3 Rd5 27. Ne4 Nxe4 28. fxe4 Rd4 29. Kf2 Rxe4 30. Rxd2 a5 31. Rc2 a4 32. Rxc6 axb3 33. axb3 Rb4 34. Rc3 f5 35. Ke2 Kf7 36. Kd2 h5 37. Rc7+ Kf6 38. Kc3 Rb6 39. b4 g5 40. Rd7 f4 41. Rd5 Rc6+ 42. Kb3 Rc1 43. b5 g4 44. Kb2 Re1 45. b6 Re7 46. Kc3 Ke6 47. h4 f3 48. gxf3 gxf3 49. Rg5 Kf6 50. Rg3 Rb7 51. Rxf3+ Ke6 52. Rg3 Kf6 53. Rg5 Rxb6 54. Rxh5 Kg6 1/2-1/2

[Event "Quebec op U2400"]
[Site "Montreal CAN"]
[Date "2008.07.22"]
[Round "4"]
[White "Roy, Alain"]
[Black "Oussedik, Elias"]
[Result "0-1"]
[WhiteElo "2140"]
[BlackElo "1980"]
[PlyCount "66"]
[GameId "2160767910353695"]
[EventDate "2008.07.19"]
[EventType "swiss"]
[EventRounds "9"]
[EventCountry "CAN"]
[SourceTitle "EXT 2011"]
[Source "ChessBase"]
[SourceDate "2011.11.26"]
[SourceVersion "1"]
[SourceVersionDate "2011.11.26"]
[SourceQuality "1"]

1. c4 e6 2. Nf3 d5 3. g3 Nf6 4. Bg2 Be7 5. O-O O-O 6. b3 a5 7. Nc3 c6 8. d4 Nbd7 9. Qc2 Nb6 10. Ne5 a4 11. c5 axb3 12. Qxb3 Nbd7 13. f4 Nxe5 14. fxe5 Nd7 15. e4 b6 16. exd5 cxd5 17. Nxd5 exd5 18. Bxd5 Ba6 19. Rf4 bxc5 20. Bxa8 Qxa8 21. Ba3 c4 22. Qc3 Bxa3 23. Qxa3 Qc6 24. Qf3 Qb6 25. Qg4 Nxe5 26. Qf5 Nf3+ 27. Kg2 Nxd4 28. Qb1 Qc6+ 29. Kf2 Ne6 30. Rh4 Qc5+ 31. Kg2 Qc6+ 32. Kf2 h6 33. Qe4 Qb6+ 0-1

[Event "Quebec op U2400"]
[Site "Montreal CAN"]
[Date "2008.07.22"]
[Round "4"]
[White "Ye, Ling Feng"]
[Black "MacKinnon, Keith"]
[Result "1/2-1/2"]
[WhiteElo "2197"]
[BlackElo "2029"]
[PlyCount "71"]
[GameId "2160767910353697"]
[EventDate "2008.07.19"]
[EventType "swiss"]
[EventRounds "9"]
[EventCountry "CAN"]
[SourceTitle "EXT 2011"]
[Source "ChessBase"]
[SourceDate "2011.11.26"]
[SourceVersion "1"]
[SourceVersionDate "2011.11.26"]
[SourceQuality "1"]

1. e4 e5 2. Nf3 Nc6 3. Bb5 a6 4. Bxc6 dxc6 5. O-O Bg4 6. h3 h5 7. d3 Qf6 8. Nbd2 Ne7 9. Re1 Ng6 10. d4 Bd6 11. hxg4 hxg4 12. Nh2 Rxh2 13. Qxg4 Qh4 14. Qxh4 Rxh4 15. Nf3 Rh5 16. Nxe5 Nxe5 17. dxe5 Bxe5 18. c3 O-O-O 19. f4 Bf6 20. Be3 Bh4 21. Red1 Re8 22. e5 f6 23. g4 Rhh8 24. Bd4 c5 25. Bxc5 fxe5 26. f5 Bg5 27. Kg2 Rh4 28. Rd3 Rxg4+ 29. Rg3 Rxg3+ 30. Kxg3 Rh8 31. Kf3 Rh4 32. Be3 Be7 33. Rg1 Rh3+ 34. Rg3 e4+ 35. Kg2 Rxg3+ 36. Kxg3 1/2-1/2

[Event "Quebec op U2400"]
[Site "Montreal CAN"]
[Date "2008.07.23"]
[Round "5"]
[White "Barron, Irina"]
[Black "Morissette, Jean-Sebastien"]
[Result "1-0"]
[WhiteElo "2106"]
[BlackElo "1988"]
[PlyCount "65"]
[GameId "2160767910353698"]
[EventDate "2008.07.19"]
[EventType "swiss"]
[EventRounds "9"]
[EventCountry "CAN"]
[SourceTitle "EXT 2011"]
[Source "ChessBase"]
[SourceDate "2011.11.26"]
[SourceVersion "1"]
[SourceVersionDate "2011.11.26"]
[SourceQuality "1"]

1. d4 d5 2. c4 dxc4 3. Nf3 Nf6 4. Nc3 c6 5. a4 Bf5 6. e3 Na6 7. Bxc4 Nb4 8. O-O e6 9. Qe2 Nc2 10. e4 Nxe4 11. Qxc2 Ng3 12. Qb3 Nxf1 13. Qxb7 Rc8 14. Bf4 Nxh2 15. Bxh2 Be7 16. Ba6 e5 17. Bxe5 O-O 18. Qb3 Be6 19. Qc2 c5 20. Bxc8 Qxc8 21. d5 Bf5 22. Qd2 Rd8 23. Rd1 Bg4 24. d6 Qe6 25. Qd5 Qc8 26. Ne4 Bf8 27. Nxc5 Bxf3 28. gxf3 Qf5 29. Bg3 Qg6 30. Qe4 Qf6 31. b4 a5 32. d7 Bxc5 33. bxc5 1-0

[Event "Quebec op U2400"]
[Site "Montreal CAN"]
[Date "2008.07.23"]
[Round "5"]
[White "Bluvshtein, Ilia"]
[Black "Brown, Gabriel"]
[Result "1-0"]
[WhiteElo "2117"]
[BlackElo "1940"]
[PlyCount "55"]
[GameId "2160767910353699"]
[EventDate "2008.07.19"]
[EventType "swiss"]
[EventRounds "9"]
[EventCountry "CAN"]
[SourceTitle "EXT 2011"]
[Source "ChessBase"]
[SourceDate "2011.11.26"]
[SourceVersion "1"]
[SourceVersionDate "2011.11.26"]
[SourceQuality "1"]

1. e4 c5 2. Nf3 d6 3. d4 cxd4 4. Nxd4 Nf6 5. Nc3 a6 6. Bg5 e6 7. f4 Be7 8. Qf3 Qc7 9. O-O-O Nbd7 10. g4 b5 11. Bxf6 Nxf6 12. g5 Nd7 13. f5 Bxg5+ 14. Kb1 Ne5 15. Qh5 Qd8 16. Nxe6 Bxe6 17. fxe6 O-O 18. h4 Bf6 19. Qf5 g6 20. Qh3 Rc8 21. Nd5 Nc4 22. Bxc4 bxc4 23. h5 g5 24. Rhf1 Be7 25. Nxe7+ Qxe7 26. Rxf7 Qe8 27. Qf5 Rxf7 28. exf7+ 1-0

[Event "Quebec op U2400"]
[Site "Montreal CAN"]
[Date "2008.07.23"]
[Round "5"]
[White "Caire, Francois"]
[Black "Voskanyan, Vahagn"]
[Result "1-0"]
[WhiteElo "2183"]
[BlackElo "2253"]
[PlyCount "96"]
[GameId "2160767910353700"]
[EventDate "2008.07.19"]
[EventType "swiss"]
[EventRounds "9"]
[EventCountry "CAN"]
[SourceTitle "EXT 2011"]
[Source "ChessBase"]
[SourceDate "2011.11.26"]
[SourceVersion "1"]
[SourceVersionDate "2011.11.26"]
[SourceQuality "1"]

1. d4 d5 2. Nf3 Nf6 3. c4 c6 4. Nc3 e6 5. e3 Nbd7 6. Bd3 dxc4 7. Bxc4 b5 8. Bd3 Bb7 9. O-O a6 10. a4 b4 11. Ne4 c5 12. Nxf6+ gxf6 13. Qe2 Qa5 14. e4 cxd4 15. Nxd4 Nc5 16. Bc2 Rg8 17. f3 Bd6 18. Be3 Qc7 19. g3 h5 20. Kh1 Ke7 21. Nb3 Nxb3 22. Bxb3 Qa5 23. Qf2 h4 24. g4 Qe5 25. Bd4 Qf4 26. Bc5 Rad8 27. Rad1 Rg5 28. Be3 Qe5 29. Bd4 Qf4 30. Be3 Qe5 31. Bxg5 fxg5 32. Rd2 Bc5 33. Qe2 Rxd2 34. Qxd2 h3 35. Bc2 Kf6 36. Qd3 Qf4 37. Qe2 Kg7 38. Rd1 a5 39. Qf1 Ba6 40. Bd3 Bd6 41. Qe2 Bb7 42. Kg1 Bc5+ 43. Kh1 Bd6 44. Kg1 Bc5+ 45. Kh1 Bd6 46. b3 Bc7 47. Bc4 Be5 48. Kg1 Bb8 1-0

[Event "Quebec op U2400"]
[Site "Montreal CAN"]
[Date "2008.07.23"]
[Round "5"]
[White "Forget, Luc"]
[Black "Gilman, Arkadiy"]
[Result "1-0"]
[WhiteElo "2063"]
[BlackElo "2189"]
[PlyCount "82"]
[GameId "2160767910353701"]
[EventDate "2008.07.19"]
[EventType "swiss"]
[EventRounds "9"]
[EventCountry "CAN"]
[SourceTitle "EXT 2011"]
[Source "ChessBase"]
[SourceDate "2011.11.26"]
[SourceVersion "1"]
[SourceVersionDate "2011.11.26"]
[SourceQuality "1"]

1. d4 d5 2. c4 e5 3. dxe5 d4 4. Nf3 Nc6 5. g3 Nge7 6. Bg2 Ng6 7. O-O Ngxe5 8. Nbd2 Be7 9. Nxe5 Nxe5 10. Nf3 Nxf3+ 11. Bxf3 O-O 12. Qd3 c6 13. Rd1 Bf6 14. b4 Qe7 15. a4 g6 16. b5 Bf5 17. Qa3 c5 18. Ra2 Rac8 19. Bd5 Be4 20. Bxe4 Qxe4 21. Qd3 Qe6 22. Rc2 Rfe8 23. Qf3 Rc7 24. Rd3 h5 25. h4 Rd7 26. Kg2 Kg7 27. Ba3 Qb6 28. a5 Qc7 29. a6 bxa6 30. bxa6 Re6 31. Qb7 Qxb7+ 32. axb7 Rxb7 33. Bxc5 Rd7 34. Rcd2 Rc7 35. Bxd4 a5 36. Bxf6+ Kxf6 37. Ra2 Rxc4 38. Rxa5 Rxe2 39. Rf3+ Kg7 40. Ra7 Re8 41. Rfxf7+ Kg8 1-0

[Event "Quebec op U2400"]
[Site "Montreal CAN"]
[Date "2008.07.23"]
[Round "5"]
[White "Girouard, Michel"]
[Black "Rosen, Matthew"]
[Result "0-1"]
[WhiteElo "1871"]
[BlackElo "2170"]
[PlyCount "32"]
[GameId "2160767910353702"]
[EventDate "2008.07.19"]
[EventType "swiss"]
[EventRounds "9"]
[EventCountry "CAN"]
[SourceTitle "EXT 2011"]
[Source "ChessBase"]
[SourceDate "2011.11.26"]
[SourceVersion "1"]
[SourceVersionDate "2011.11.26"]
[SourceQuality "1"]

1. e4 c5 2. Nc3 Nc6 3. f4 d6 4. Nf3 Bg4 5. Bb5 e6 6. Bxc6+ bxc6 7. O-O Nf6 8. d3 Rb8 9. h3 Bxf3 10. Qxf3 Nd7 11. f5 exf5 12. Qxf5 Ne5 13. b3 g6 14. Qf6 Qxf6 15. Rxf6 Bg7 16. Rf2 Nxd3 0-1

[Event "Quebec op U2400"]
[Site "Montreal CAN"]
[Date "2008.07.23"]
[Round "5"]
[White "Gluckie, Jamin"]
[Black "Peev, Pavel"]
[Result "0-1"]
[WhiteElo "2114"]
[BlackElo "1899"]
[PlyCount "76"]
[GameId "2160767910353703"]
[EventDate "2008.07.19"]
[EventType "swiss"]
[EventRounds "9"]
[EventCountry "CAN"]
[SourceTitle "EXT 2011"]
[Source "ChessBase"]
[SourceDate "2011.11.26"]
[SourceVersion "1"]
[SourceVersionDate "2011.11.26"]
[SourceQuality "1"]

1. d4 Nf6 2. c4 c5 3. d5 b5 4. cxb5 a6 5. f3 g6 6. e4 Bg7 7. Na3 O-O 8. Ne2 e6 9. d6 Ne8 10. Nc3 f5 11. exf5 Rxf5 12. Nc4 axb5 13. Ne3 Rf4 14. Nxb5 Ba6 15. Nd5 Re4+ 16. fxe4 Qh4+ 17. Kd2 exd5 18. Qf3 Bxb5 19. Bxb5 Nxd6 20. Rf1 Nxe4+ 21. Kc2 Nc6 22. Qf7+ Kh8 23. Bxc6 dxc6 24. Qb7 Rd8 25. Bf4 Qg4 26. Rad1 Qxg2+ 27. Kb1 c4 28. Rg1 Qe2 29. Rge1 Qf2 30. Rxe4 Qf3 31. Ree1 Qxf4 32. Qxc6 Qf5+ 33. Ka1 h5 34. Qe6 Qc2 35. Qb6 c3 36. Rb1 Rc8 37. Qb7 cxb2+ 38. Rxb2 Qc1+ 0-1

[Event "Quebec op U2400"]
[Site "Montreal CAN"]
[Date "2008.07.23"]
[Round "5"]
[White "Gordon, David"]
[Black "Me, Kevin"]
[Result "0-1"]
[WhiteElo "2236"]
[BlackElo "1880"]
[PlyCount "62"]
[GameId "2160767910353704"]
[EventDate "2008.07.19"]
[EventType "swiss"]
[EventRounds "9"]
[EventCountry "CAN"]
[SourceTitle "EXT 2011"]
[Source "ChessBase"]
[SourceDate "2011.11.26"]
[SourceVersion "1"]
[SourceVersionDate "2011.11.26"]
[SourceQuality "1"]

1. d4 Nf6 2. Bg5 Ne4 3. Bf4 d5 4. f3 Nf6 5. e4 dxe4 6. Nc3 exf3 7. Nxf3 e6 8. Bd3 c5 9. Qe2 cxd4 10. Bb5+ Bd7 11. Nxd4 Bb4 12. O-O-O Bxc3 13. Nxe6 fxe6 14. Qxe6+ Qe7 15. Qc4 Bxb5 16. Qxc3 O-O 17. Bd6 Ne4 18. Qe3 Qxd6 19. Rxd6 Nxd6 20. Qe5 Rf6 21. Rd1 Nc6 22. Qc5 Rd8 23. b3 Be2 24. Rd5 h6 25. h3 Bf1 26. Qg1 Re8 27. Kb2 Re2 28. Rxd6 Rxd6 29. Qxf1 Rdd2 30. b4 Rxc2+ 31. Ka3 b5 0-1

[Event "Quebec op U2400"]
[Site "Montreal CAN"]
[Date "2008.07.23"]
[Round "5"]
[White "Hambleton, Aman"]
[Black "Ramaswamy, Kishor"]
[Result "1/2-1/2"]
[WhiteElo "2012"]
[BlackElo "2125"]
[PlyCount "80"]
[GameId "2160767910353705"]
[EventDate "2008.07.19"]
[EventType "swiss"]
[EventRounds "9"]
[EventCountry "CAN"]
[SourceTitle "EXT 2011"]
[Source "ChessBase"]
[SourceDate "2011.11.26"]
[SourceVersion "1"]
[SourceVersionDate "2011.11.26"]
[SourceQuality "1"]

1. d4 d5 2. c4 e6 3. Nc3 Nf6 4. Bg5 Nbd7 5. e3 c6 6. cxd5 exd5 7. Bd3 Be7 8. Qc2 Nh5 9. Bxe7 Qxe7 10. Nge2 Nb6 11. h3 g6 12. O-O-O Ng7 13. g4 Be6 14. Nf4 O-O-O 15. Nce2 h5 16. Nxe6 Nxe6 17. Ng3 hxg4 18. hxg4 Kb8 19. Kb1 Qf6 20. a4 Rxh1 21. Rxh1 Rh8 22. Rxh8+ Qxh8 23. a5 Nd7 24. a6 Qc8 25. axb7 Qxb7 26. Qa4 Nb6 27. Qb4 Nc8 28. Qxb7+ Kxb7 29. Ne2 g5 30. f4 f6 31. f5 Nc7 32. e4 dxe4 33. Bxe4 Nd6 34. Bf3 Nd5 35. Bxd5 cxd5 36. Ng3 Ne4 37. Nxe4 dxe4 38. Kc2 Kc6 39. Kd2 Kd6 40. Ke2 Kc6 1/2-1/2

[Event "Quebec op U2400"]
[Site "Montreal CAN"]
[Date "2008.07.23"]
[Round "5"]
[White "Hayder, Ali"]
[Black "Gueorguiev, Valentin"]
[Result "1-0"]
[WhiteElo "2095"]
[BlackElo "1653"]
[PlyCount "45"]
[GameId "2160767910353706"]
[EventDate "2008.07.19"]
[EventType "swiss"]
[EventRounds "9"]
[EventCountry "CAN"]
[SourceTitle "EXT 2011"]
[Source "ChessBase"]
[SourceDate "2011.11.26"]
[SourceVersion "1"]
[SourceVersionDate "2011.11.26"]
[SourceQuality "1"]

1. e4 g6 2. d4 Bg7 3. Be3 d6 4. Bd3 b6 5. Nf3 Bb7 6. O-O Nd7 7. Nc3 Ngf6 8. h3 c5 9. dxc5 bxc5 10. Qd2 c4 11. Bxc4 Nxe4 12. Nxe4 Bxe4 13. Bxf7+ Kf8 14. Ng5 Bf5 15. Bd5 Rc8 16. c3 h6 17. Nf7 Qa5 18. Nxh8 Bxh8 19. Bxh6+ Bg7 20. Rfe1 Nf6 21. Bxg7+ Kxg7 22. Rxe7+ Kf8 23. Rf7+ 1-0

[Event "Quebec op U2400"]
[Site "Montreal CAN"]
[Date "2008.07.23"]
[Round "5"]
[White "Keith-Jacques, Liam"]
[Black "Le Duin, Thierry"]
[Result "1-0"]
[WhiteElo "2040"]
[BlackElo "2096"]
[PlyCount "65"]
[GameId "2160767910353708"]
[EventDate "2008.07.19"]
[EventType "swiss"]
[EventRounds "9"]
[EventCountry "CAN"]
[SourceTitle "EXT 2011"]
[Source "ChessBase"]
[SourceDate "2011.11.26"]
[SourceVersion "1"]
[SourceVersionDate "2011.11.26"]
[SourceQuality "1"]

1. e4 d5 2. exd5 Nf6 3. d4 Bg4 4. Be2 Bxe2 5. Qxe2 Qxd5 6. Nf3 Nc6 7. c4 Qh5 8. d5 Nb4 9. a3 Na6 10. Bg5 h6 11. Bxf6 gxf6 12. Nc3 Rg8 13. O-O Qh3 14. g3 h5 15. b4 h4 16. c5 hxg3 17. fxg3 O-O-O 18. c6 Nb8 19. Nb5 Rxd5 20. Nxa7+ Kd8 21. cxb7 e6 22. Rad1 Bd6 23. Rxd5 exd5 24. Re1 c6 25. Nc8 Qd7 26. Qe3 Qc7 27. Nxd6 Qxd6 28. Nd4 Qd7 29. Qf4 Qxb7 30. Qxf6+ Kc8 31. Nf5 Qb6+ 32. Kg2 Rf8 33. Re7 1-0

[Event "Quebec op U2400"]
[Site "Montreal CAN"]
[Date "2008.07.23"]
[Round "5"]
[White "Luksza, Arkadiusz"]
[Black "Khassanov, Marat"]
[Result "1/2-1/2"]
[WhiteElo "2129"]
[BlackElo "2312"]
[PlyCount "76"]
[GameId "2160767910353711"]
[EventDate "2008.07.19"]
[EventType "swiss"]
[EventRounds "9"]
[EventCountry "CAN"]
[SourceTitle "EXT 2011"]
[Source "ChessBase"]
[SourceDate "2011.11.26"]
[SourceVersion "1"]
[SourceVersionDate "2011.11.26"]
[SourceQuality "1"]

1. d4 Nf6 2. c4 g6 3. Nc3 Bg7 4. e4 d6 5. Nf3 O-O 6. Be2 e5 7. O-O exd4 8. Nxd4 Re8 9. f3 c6 10. Kh1 Nbd7 11. Bg5 h6 12. Bh4 a5 13. Rc1 Nc5 14. Nb3 Ne6 15. Bg3 a4 16. Na1 Nh5 17. Qxd6 Nxg3+ 18. Qxg3 Qb6 19. Nd1 Ra5 20. Nc2 Re5 21. Qf2 Nc5 22. Rb1 f5 23. Nc3 fxe4 24. fxe4 Be6 25. Ne1 Qd8 26. Rd1 Qe7 27. Nf3 Nxe4 28. Nxe4 Rxe4 29. Bd3 Rf4 30. Bxg6 Ref8 31. b3 axb3 32. axb3 Bg4 33. Rde1 Rxf3 34. gxf3 Bxf3+ 35. Qxf3 Rxf3 36. Rxe7 Rxf1+ 37. Kg2 Rf6 38. Bh5 b6 1/2-1/2

[Event "Quebec op U2400"]
[Site "Montreal CAN"]
[Date "2008.07.23"]
[Round "5"]
[White "MacKinnon, Keith"]
[Black "Mai, Lloyd"]
[Result "1-0"]
[WhiteElo "2029"]
[BlackElo "2179"]
[PlyCount "101"]
[GameId "2160767910353712"]
[EventDate "2008.07.19"]
[EventType "swiss"]
[EventRounds "9"]
[EventCountry "CAN"]
[SourceTitle "EXT 2011"]
[Source "ChessBase"]
[SourceDate "2011.11.26"]
[SourceVersion "1"]
[SourceVersionDate "2011.11.26"]
[SourceQuality "1"]

1. e4 c5 2. Nf3 d6 3. d4 cxd4 4. Nxd4 Nf6 5. Nc3 g6 6. Be3 Bg7 7. f3 O-O 8. Qd2 Nc6 9. Bc4 Bd7 10. O-O-O Rc8 11. Bb3 Ne5 12. h4 h5 13. Bh6 Nc4 14. Bxc4 Rxc4 15. Bxg7 Kxg7 16. Rhe1 Qa5 17. Re3 Rfc8 18. Kb1 a6 19. Nce2 Qc7 20. Rc3 e5 21. Nb3 d5 22. exd5 Qd6 23. Rxc4 Rxc4 24. Nc3 Rxh4 25. Qe1 Rf4 26. Qe3 b6 27. Re1 Nxd5 28. Nxd5 Qxd5 29. Qxb6 e4 30. Qe3 g5 31. fxe4 Qe5 32. Nc5 Bb5 33. a4 Bc4 34. Nd7 Qc7 35. g3 Be6 36. Qd4+ Kg8 37. gxf4 Bxd7 38. fxg5 h4 39. Rf1 Be6 40. g6 h3 41. gxf7+ Bxf7 42. Rg1+ Kf8 43. Qh8+ Ke7 44. Qh4+ Ke8 45. Qxh3 Qc4 46. Qh8+ Ke7 47. Qe5+ Kf8 48. b3 Qc6 49. Rd1 Qc8 50. Qh8+ Bg8 51. Rg1 1-0

[Event "Quebec op U2400"]
[Site "Montreal CAN"]
[Date "2008.07.23"]
[Round "5"]
[White "Oussedik, Elias"]
[Black "Audet-Bouchard, Nicolas"]
[Result "1/2-1/2"]
[WhiteElo "1980"]
[BlackElo "2154"]
[PlyCount "53"]
[GameId "2160767910353713"]
[EventDate "2008.07.19"]
[EventType "swiss"]
[EventRounds "9"]
[EventCountry "CAN"]
[SourceTitle "EXT 2011"]
[Source "ChessBase"]
[SourceDate "2011.11.26"]
[SourceVersion "1"]
[SourceVersionDate "2011.11.26"]
[SourceQuality "1"]

1. e4 c5 2. Nf3 Nc6 3. d4 cxd4 4. Nxd4 Nf6 5. Nc3 d6 6. Bg5 e6 7. Qd2 Be7 8. O-O-O O-O 9. f4 h6 10. Bh4 Nxd4 11. Qxd4 Qa5 12. Bc4 e5 13. fxe5 dxe5 14. Qd3 Bg4 15. Rdf1 Rac8 16. Bb3 Be6 17. Bxf6 Bxf6 18. Bxe6 fxe6 19. Kb1 Qb4 20. h4 Qc4 21. Qe3 Bxh4 22. Rd1 Bg5 23. Qxa7 Rc7 24. Qb6 Rcf7 25. a3 Be7 26. Qe3 b5 27. Qd3 1/2-1/2

[Event "Quebec op U2400"]
[Site "Montreal CAN"]
[Date "2008.07.23"]
[Round "5"]
[White "Robichaud, Louis"]
[Black "Barron, Michael"]
[Result "1-0"]
[WhiteElo "2129"]
[BlackElo "2251"]
[PlyCount "79"]
[GameId "2160767910353714"]
[EventDate "2008.07.19"]
[EventType "swiss"]
[EventRounds "9"]
[EventCountry "CAN"]
[SourceTitle "EXT 2011"]
[Source "ChessBase"]
[SourceDate "2011.11.26"]
[SourceVersion "1"]
[SourceVersionDate "2011.11.26"]
[SourceQuality "1"]

1. e4 e5 2. Nf3 Nc6 3. Bb5 a6 4. Ba4 Nf6 5. O-O Be7 6. Re1 b5 7. Bb3 O-O 8. c3 d6 9. h3 Na5 10. Bc2 c5 11. d4 Qc7 12. Nbd2 g6 13. Nf1 Nh5 14. Bh6 Re8 15. Ne3 Be6 16. Qd2 Bf8 17. Bxf8 Rxf8 18. b4 Nc4 19. Nxc4 Bxc4 20. bxc5 dxc5 21. Nxe5 cxd4 22. cxd4 Rfd8 23. Qe3 Rac8 24. Bd1 Ng7 25. Bg4 Ne6 26. Nf3 h5 27. Bxe6 Bxe6 28. d5 Bd7 29. Qh6 Be8 30. Rad1 Qd6 31. e5 Qf8 32. Qg5 b4 33. Qf4 Qc5 34. d6 a5 35. Qh6 f6 36. exf6 Rd7 37. Re7 Rxe7 38. dxe7 Kf7 39. Ng5+ Kxf6 40. Ne4+ 1-0